Bfdi S1 characters - Statistics

General Stats
  • This quiz has been taken 29 times
  • The average score is 20 of 22
Answer Stats
First Letter Character % Correct
A Announcer
96%
T Tennis Ball
96%
F Firey
92%
F Flower
92%
G Golf Ball
92%
L Leafy
92%
M Match
92%
N Needle
92%
P Pen
92%
P Pin
92%
S Spongy
92%
W Woody
92%
B Blocky
88%
B Bubble
88%
D David
88%
I Ice Cube
88%
P Pencil
88%
R Rocky
88%
T Teardrop
88%
C Coiny
85%
E Eraser
85%
S Snowball
85%
No matching quizzes found
Score Distribution
Percent of People with Each Score
Percentile by Number Answered
Your Score History
You have not taken this quiz